000 00702nam a2200217 i 4500
001 34907
003 ES-MaACL
005 20240510063034.0
007 t|
008 030211s1952 sp ||||1| spa d
100 1 _aBonnin, Ana Inés.
_930281
245 1 0 _aLuz de blanco
_b: (poema) /
_cAna Inés Bonnin Armstrong.
250 _a[1ª ed.].
260 _aSantander :
_bLa Isla de los Ratones,
_c1952
_f(Artes Gráficas Hermanos Bedía)
300 _a39 p. :
_bretr. aut. ;
_c17 cm.
490 1 _aColección "Poetas de Hoy" ;
_v8
_9189058
830 _aColección "Poetas de Hoy" ;
_v8
_9189058
852 _aES-MaACL
_j1992-F-12
_bR.38813
942 _2udc
999 _c34907
_d34907